The potential for water pollution from railways (Record no. 85446)
[ view plain ]
| 000 -LEADER | |
|---|---|
| fixed length control field | 01347cam a22002415a 4500 |
| 001 - CONTROL NUMBER | |
| control field | L139910 |
| 008 - FIXED-LENGTH DATA ELEMENTS--GENERAL INFORMATION | |
| fixed length control field | 070820s2005 xxk f 000 0 eng d |
| 020 ## - INTERNATIONAL STANDARD BOOK NUMBER | |
| International Standard Book Number | 0860176436 |
| 035 ## - SYSTEM CONTROL NUMBER | |
| System control number | (Sirsi) u139910 |
| 041 0# - LANGUAGE CODE | |
| Language code of text/sound track or separate title | eng |
| 050 04 - LIBRARY OF CONGRESS CALL NUMBER | |
| Classification number | 614.77 $2 18 |
| 100 1# - MAIN ENTRY--PERSONAL NAME | |
| Personal name | Osborne, M. |
| 245 04 - TITLE STATEMENT | |
| Title | The potential for water pollution from railways |
| Medium | [electronic resource] |
| 260 ## - PUBLICATION, DISTRIBUTION, ETC. | |
| Place of publication, distribution, etc. | London |
| Name of publisher, distributor, etc. | CIRIA |
| Date of publication, distribution, etc. | 2005 |
| 300 ## - PHYSICAL DESCRIPTION | |
| Extent | 1 |
| Type of unit | CD-ROM |
| 490 #0 - SERIES STATEMENT | |
| Series statement | CIRIA |
| Volume/sequential designation | C643 |
| 505 2# - FORMATTED CONTENTS NOTE | |
| Formatted contents note | Key findings --Introduction -- A brief introduction to the legislation -- The railway industry in the UK -- Pollution sources and routes -- Who might be liable? -- Environmental policies and good practice -- Risk management -- Discharge of dangerous substances to water |
| 520 ## - SUMMARY, ETC. | |
| Summary, etc. | Summarises a study looking at the legislative framework, the overall structure of the railway industry in the UK, the potential sources of pollution, the responsibilities for pollution, the availability of guidance on good practice, and actions that may need to be taken. Although the study that led to this report focused on railway activities in mainland Britain, the guidance is also likely to be applicable elsewhere in the European Union. |
| 651 #4 - SUBJECT ADDED ENTRY--GEOGRAPHIC NAME | |
| Geographic name | United Kingdom |
| Chronological subdivision | |
| 690 ## - LOCAL SUBJECT ADDED ENTRY--TOPICAL TERM (OCLC, RLIN) | |
| Topical term or geographic name as entry element | ENVIRONMENTAL AND LAND CONSULTANCY-WATER RESOURCE MANAGEMENT |
| 700 1# - ADDED ENTRY--PERSONAL NAME | |
| Personal name | Montague, K |
| 942 ## - ADDED ENTRY ELEMENTS (KOHA) | |
| Suppress in OPAC | 0 |
| Withdrawn status | Lost status | Source of classification or shelving scheme | Damaged status | Not for loan | Home library | Current library | Shelving location | Date acquired | Total Checkouts | Full call number | Barcode | Date last seen | Copy number | Price effective from | Koha item type |
|---|---|---|---|---|---|---|---|---|---|---|---|---|---|---|---|
| Dewey Decimal Classification | London | London | Enquiry desk | 20/08/2007 | CD-ROM BOX | 30072251 | 06/08/2019 | 1 | 06/08/2019 | Book |